| 000 | 00890nam a2200241 a 4500 | ||
|---|---|---|---|
| 001 | BRCA_7019 | ||
| 005 | 20190320205659.0 | ||
| 008 | 251111s1899----u--#######---#000-0#eng-# | ||
| 041 | _aeng | ||
| 044 | _au | ||
| 050 | 4 |
_aMT95 _b.A611 1899 |
|
| 245 | 1 | 0 |
_aThe standard operaglass _bcontaining the detailed plots of one hundred and twenty-three celebrated operas, with critical and biographical remarks, dates, etc., etc. _cby Charles Annesley ; with a prelude by James Huneker. |
| 260 |
_aNueva York _bBretano´s _c1899 |
||
| 300 |
_axv, 446 p. _c19 cm. |
||
| 500 | _aSe encuentra un recorte de periódico en la página 33 | ||
| 500 | _aEstado físico: cubierta posterior desprendida | ||
| 500 | _aO28 | ||
| 650 | 1 | 4 |
_aÓperas _xHistorias, tramas, etc. _917461 |
| 700 | 1 |
_aAnnesley, Charles _eaut. _917462 |
|
| 700 | 1 |
_aHuneker, James _ecoaut. _917463 |
|
| 902 | _aGFM | ||
| 942 |
_2lcc _cB |
||
| 999 |
_c6700 _d6700 |
||